000 00295nam a22001217a 4500
020 _a9780743206839
082 _222
_a158.22
100 _aCovey, Stephen R.
245 _aThe 8th habit /
260 _aNew Delhi,
_bSimon Schuster,
_cc2004.
300 _axvi, 409 p.
_bNA;
_c23 cm.
942 _2ddc
_cGEN
999 _c3145
_d3145